000 00315nam a2200121 a 4500
008 100920s1965|||| d
245 1 0 _aPrístav podvodníkov
100 1 _aEspinoza, Leonardo
260 _bVydavateľstvo politickej literatúry
_aBratislava
_c1965
020 _c10
044 _axo
_cSK
041 _aslo
999 _c10509
_d10509